Airlines that serve New York Newark (EWR) - Statistics

General Stats
  • This quiz has been taken 35 times
  • The average score is 24 of 38
Answer Stats
Airline % Correct
American Airlines
100%
British Airways
96%
Delta Air Lines
96%
JetBlue
96%
Air Canada
91%
Spirit Airlines
91%
United Airlines
91%
Emirates
83%
Frontier Airlines
83%
Aeroméxico
78%
Turkish Airlines
78%
Aer Lingus
74%
Air France
74%
Air India
74%
Austrian Airlines
74%
Lufthansa
74%
Singapore Airlines
74%
El Al
70%
Alaska Airlines
65%
Ethiopian Airlines
61%
Iberia
61%
Scandinavian Airlines
61%
Sun Country Airlines
61%
Allegiant Air
57%
Egyptair
57%
TAP Air Portugal
57%
Icelandair
52%
LOT Polish Airlines
52%
Porter Airlines
52%
Volaris
52%
Breeze Airways
48%
La Compagnie
35%
Air Premia
30%
French Bee
30%
Swiss International Air Lines
30%
Arajet
26%
BermudAir
26%
American Eagle
17%
No matching quizzes found
Score Distribution
Percent of People with Each Score
Percentile by Number Answered
Your Score History
You have not taken this quiz